Statistics for Superhero Clichés (pt. 2)

Click here to take the quiz!

General Stats

  • This quiz has been taken 20 times
  • The average score is 28 of 78

Answer Stats

SuperheroNemesis 1Doppleganger Villain 2Connection to Villain(Similar Powers) Sidekick/s or AlliesLove InterestDay Job% Correct
SpidermanGreen GoblinVenom{Best} {Friend}'s Father [1]"Spiders"Mary Jane | Gwen StacyPhotographer
93%
Mary Jane | Gwen Stacy
93%
BatmanThe JokerRa's al Ghul | Catwoman"{Father}-{in}-{law}"; {Love} {Interest} [2]Robin | ...Selina Kyle (Catwoman) | Wonder Woman | Talia al GhulBusinessman
93%
SupermanLex LuthorGeneral ZodFew {Kryptonian} {survivors} [2]"Supers"Lois LaneNews Reporter
79%
Lois Lane
79%
News Reporter
79%
Pepper Potts
79%
Photographer
79%
{Best} {Friend}'s Father [1]
71%
Businessman
71%
Robin | Bat Woman | ...
71%
Venom
71%
{Father} Figure [2]
64%
ThorLokiLokiAdoptive brotherLady Sif and The Warriors Three | Fendral | Volstagg | Hogun | LokiJane FosterPrince/King of Asgard
64%
Adoptive brother
57%
Businessman
57%
Peggy Carter
57%
Captain AmericaRed SkullWinter SoldierLong-lost {best} {friend} [2]Bucky (Winter Soldier)Peggy CarterSpecial Agent | (Ex-) Sketch Artist
57%
Iron ManThe MandarinIron Monger{Father} Figure [2]War MachinePepper PottsBusinessman
57%
Winter Soldier
57%
Iron Monger
50%
Jane Foster
50%
Long-lost {best} {friend} [2]
50%
Physicist
50%
"Spider-People"
50%
HulkThunderbolt Ross (Red Hulk) *Abomination and Maestro may also be considered Dopplegangers VillainsThunderbolt Ross (Red Hulk){Love} {interest}'s father"Hulks"Betty RossPhysicist
50%
Bucky | others...
43%
"Supers"
43%
War Machine
43%
Long-lost {brother}
36%
{Love} {interest}'s father
36%
Pym's {Creation} [1]
36%
WolverineSabretoothSabretoothLong-lost {brother}X-MenJean GreyMercenary
36%
Sorcerer Supreme | (Ex-) Surgeon
36%
The Wasp | Scott Lang
36%
Janet Van Dyne
29%
Lady Sif and The Warriors Three | Loki
29%
Lawyer
29%
Physicist
29%
Prince/King of Asgard
29%
Ra's al Ghul[2] | Catwoman
29%
Yellowjacket
29%
Doctor StrangeBaron MordoBaron MordoAnciet One's studentWongCleaSorcerer Supreme | (Ex-) Surgeon
21%
Betty Ross
21%
Clea
21%
"Hulks"
21%
Iris West
21%
Jean Grey
21%
Karen Page | Elektra Natchios
21%
DaredevilKingpinElektraLove Interest [2]StickKaren Page | Elektra NatchiosLawyer
21%
The Flash (Barry Allen)Reverse FlashReverse FlashAdoptive {Brother} of Allen's long-lost {twin} {brother}"Speedsters"Iris WestForensic Police
21%
Selina Kyle | Wonder Woman |Talia al Ghul
21%
Special Agent | (Ex-) Sketch Artist
21%
"Speedsters"
21%
Wong
21%
X-Men
21%
AquamanBlack MantaBlack MantaHalf-BrotherAqualadMeraPrince/King of Atlantis | Fisherman | Lighthouse Keeper
14%
Elektra
14%
General Zod
14%
Love Interest [2]
14%
Mera
14%
Prince/King of Atlantis | Fisherman | Lighthouse Keeper
14%
The "{Real}" Wade Wilson [1]
14%
Ant-Man (Hank Pym)UltronYellowjacketPym's Creation [1]The Wasp | Scott LangJanet Van DynePhysicist
14%
Anciet One's student
7%
Aqualad
7%
Cable
7%
Evil Deadpool
7%
"{Father}-{in}-{law}" [2]
7%
Few {Kryptonian} {survivors} [2]
7%
Forensic Police
7%
Half-Brother
7%
Lady Death | Vanessa Carlyle
7%
Mercenary
7%
DeadpoolT-RayEvil DeadpoolThe "{Real}" Wade Wilson [1]CableLady Death | Vanessa CarlyleMercenary
7%
Adoptive {Brother} of Allen's long-lost {twin} {brother}
0%
Mercenary
0%
Stick | Elektra | Blidspot
0%

Score Distribution

Percentile by Number Answered

Percent of People with Each Score

Your Score History

You have not taken this quiz